[Event "Euskadi-chT"]
[Site "Bergara"]
[Date "2010.02.27"]
[Round "7.3"]
[White "Galarza Bilbao, Xabier"]
[Black "Alberdi Sololuce, Paulo"]
[Result "1/2-1/2"]
[WhiteElo "2147"]
[BlackElo "2149"]
[PlyCount "55"]
[EventDate "2010.01.09"]
[EventType "team-tourn"]
[EventRounds "9"]
[EventCountry "ESP"]
[SourceTitle "EXT 2011"]
[Source "ChessBase"]
[SourceDate "2010.11.26"]
[SourceVersion "1"]
[SourceVersionDate "2010.11.26"]
[SourceQuality "1"]

1. d4 Nf6 2. c4 e5 3. dxe5 Ng4 4. Nf3 Bc5 5. e3 Nc6 6. Nc3 Ncxe5 7. Be2 0-0 8. 0-0 Re8 9. a3 a5 10. Nd5 Nxf3+ 11. Bxf3 Ne5 12. Be2 Ra6 13. e4 Ng6 14. Bf3 Rae6 15. b4 Bd6 16. g3 b6 17. Rb1 Ba6 18. Qc2 c6 19. Ne3 axb4 20. axb4 Qf6 21. Bg2 Nf4 22. Bb2 Qg5 23. Nf5 Nxg2 24. Kxg2 Bf8 25. h4 Qd8 26. Ra1 Bb7 27. c5 Rxe4 28. Ra7 1/2-1/2

[Event "Euskadi-chT (Vasca) Div 1st"]
[Site "Euskadi"]
[Date "2008.01.26"]
[Round "3.3"]
[White "Galarza Bilbao, Xabier"]
[Black "Alvarado Fernandez, Mikel"]
[Result "1-0"]
[WhiteElo "2132"]
[BlackElo "2017"]
[PlyCount "99"]
[EventDate "2008.01.12"]
[EventType "team-tourn"]
[EventRounds "9"]
[EventCountry "ESP"]
[SourceTitle "EXT 2024"]
[Source "ChessBase"]
[SourceDate "2023.10.10"]
[SourceVersion "1"]
[SourceVersionDate "2023.10.10"]
[SourceQuality "1"]

1. d4 d5 2. c4 c6 3. Nf3 Nf6 4. Nc3 a6 5. a4 a5 6. g3 e6 7. Bg2 Be7 8. 0-0 Na6 9. Ne5 0-0 10. e4 Nb4 11. Be3 Ne8 12. b3 f6 13. Nd3 Nc7 14. Rc1 f5 15. exf5 exf5 16. Ne5 Bf6 17. f4 Be6 18. Qe2 Qe7 19. h3 g6 20. h4 Rad8 21. c5 Rb8 22. Na2 Nca6 23. Nxb4 Nxb4 24. Bd2 Bd7 25. Rfe1 Qd8 26. Bxb4 axb4 27. Qd2 b6 28. Qxb4 bxc5 29. Qxc5 Be7 30. Qa7 Ba3 31. Nxd7 Ra8 32. Qb7 Rf7 33. Rxc6 Rxd7 34. Qb5 Rb8 35. Qa6 Kg7 36. Ree6 Bb2 37. Qd3 Rb4 38. h5 Bxd4+ 39. Kh2 Qf8 40. hxg6 h6 41. Bh3 Re7 42. Bxf5 Bb2 43. Qxd5 Rbb7 44. Rc8 Red7 45. Qg2 Qa3 46. Ree8 h5 47. Rg8+ Kh6 48. g4 hxg4 49. Bxg4 Bf6 50. Qh3+ 1-0

[Event "Bizkaia-chA"]
[Site "Zornotza"]
[Date "2006.11.04"]
[Round "3"]
[White "Rodriguez Gonzalez, Alex"]
[Black "Galarza Bilbao, Xabier"]
[Result "1/2-1/2"]
[WhiteElo "2061"]
[BlackElo "2144"]
[PlyCount "66"]
[EventDate "2006.10.21"]
[EventType "swiss"]
[EventRounds "6"]
[EventCountry "ESP"]
[SourceTitle "EXT 2018"]
[Source "ChessBase"]
[SourceDate "2017.10.13"]
[SourceVersion "1"]
[SourceVersionDate "2017.10.13"]
[SourceQuality "1"]

1. e4 e5 2. Nc3 Nf6 3. f4 d5 4. fxe5 Nxe4 5. d3 Nxc3 6. bxc3 c5 7. Nf3 Nc6 8. Be2 Be7 9. 0-0 0-0 10. Qe1 f6 11. d4 Bf5 12. Bd3 Bxd3 13. cxd3 cxd4 14. cxd4 Qb6 15. Kh1 Nxd4 16. Qg3 fxe5 17. Qxe5 Nxf3 18. Qxd5+ Kh8 19. Rxf3 Rxf3 20. Qxf3 Rf8 21. Be3 Qc7 22. Qd1 Qe5 23. Bxa7 Bd6 24. Qg1 Qe2 25. d4 Ra8 26. d5 h5 27. Bc5 Bxc5 28. Qxc5 Rxa2 29. Rxa2 Qxa2 30. Qf8+ Kh7 31. Qf5+ g6 32. Qf7+ Kh6 33. Qf4+ Kh7 1/2-1/2

[Event "Erandio op"]
[Site "Erandio"]
[Date "2005.12.22"]
[Round "8"]
[White "Lopez de Castro, Joseph"]
[Black "Galarza Bilbao, Xabier"]
[Result "0-1"]
[WhiteElo "1942"]
[BlackElo "2135"]
[PlyCount "92"]
[EventDate "2005.12.16"]
[EventType "swiss"]
[EventRounds "9"]
[EventCountry "ESP"]
[SourceTitle "CBM 109 Extra"]
[Source "ChessBase"]
[SourceDate "2006.01.03"]
[SourceVersion "2"]
[SourceVersionDate "2006.01.03"]
[SourceQuality "1"]

1. e4 e5 2. Nf3 Nf6 3. Nc3 Nc6 4. Bb5 Nd4 5. Ba4 Bc5 6. d3 0-0 7. Bg5 h6 8. Bh4 d6 9. h3 c6 10. Ne2 Nxe2 11. Qxe2 Qa5+ 12. Qd2 Qxd2+ 13. Nxd2 g5 14. Bg3 Nh5 15. Bh2 Nf4 16. Rg1 Kh7 17. Bxf4 gxf4 18. Nf3 f5 19. c3 fxe4 20. dxe4 a5 21. Ke2 b5 22. Bc2 a4 23. Rgd1 Be6 24. b4 axb3 25. axb3 b4 26. c4 Ra3 27. Rxa3 bxa3 28. Bb1 Kg7 29. Ba2 Kf6 30. Rd3 Rb8 31. Ne1 Ke7 32. Rd2 Bb4 33. Rc2 Bxe1 34. Kxe1 d5 35. f3 dxe4 36. fxe4 Rd8 37. Rd2 Rb8 38. Kf2 h5 39. h4 c5 40. g3 Rf8 41. Bb1 Bg4 42. Rd5 fxg3+ 43. Kg2 Rf2+ 44. Kxg3 Rf3+ 45. Kg2 Rxb3 46. Rd2 Rxb1 0-1

[Event "Erandio op"]
[Site "Erandio"]
[Date "2003.12.26"]
[Round "6"]
[White "Veingold, Aleksandr"]
[Black "Galarza Bilbao, Xabier"]
[Result "1-0"]
[WhiteElo "2478"]
[BlackElo "2124"]
[PlyCount "55"]
[EventDate "2003.12.20"]
[EventType "swiss"]
[EventRounds "8"]
[EventCountry "ESP"]
[SourceTitle "CBM 097 Extra"]
[Source "ChessBase"]
[SourceDate "2004.01.13"]
[SourceVersion "1"]
[SourceVersionDate "2004.01.13"]
[SourceQuality "1"]

1. d4 d5 2. Nf3 Nf6 3. c4 e6 4. g3 Be7 5. Bg2 0-0 6. 0-0 b6 7. cxd5 exd5 8. Nc3 Bb7 9. Bf4 c5 10. Qc2 Nc6 11. Rad1 Qd7 12. dxc5 bxc5 13. Bg5 d4 14. Bxf6 Bxf6 15. Ne4 Qd5 16. Nxf6+ gxf6 17. Nh4 Qe5 18. a3 Rab8 19. Nf3 Qh5 20. Rc1 Rfe8 21. Rfe1 Ne5 22. Nxe5 fxe5 23. Bxb7 Rxb7 24. e3 Reb8 25. Rb1 Qf3 26. exd4 exd4 27. Qxc5 Rd8 28. Qg5+ 1-0

[Event "Erandio op"]
[Site "Erandio"]
[Date "2003.12.24"]
[Round "5"]
[White "Galarza Bilbao, Xabier"]
[Black "Virto Alustiza, Aingeru"]
[Result "1-0"]
[WhiteElo "2124"]
[BlackElo "2032"]
[PlyCount "60"]
[EventDate "2003.12.20"]
[EventType "swiss"]
[EventRounds "8"]
[EventCountry "ESP"]
[SourceTitle "CBM 097 Extra"]
[Source "ChessBase"]
[SourceDate "2004.01.13"]
[SourceVersion "1"]
[SourceVersionDate "2004.01.13"]
[SourceQuality "1"]

1. d4 Nf6 2. c4 e6 3. Nc3 d5 4. Bg5 Be7 5. e3 0-0 6. Nf3 c6 7. Rc1 Nbd7 8. Bd3 a6 9. a4 dxc4 10. Bxc4 b5 11. Bd3 Bb7 12. 0-0 Rc8 13. Qe2 Qa5 14. Ne5 Rfd8 15. Ne4 Nxe5 16. dxe5 Nd5 17. Bxe7 Nxe7 18. Nd6 Rc7 19. Bxh7+ Kxh7 20. Qh5+ Kg8 21. Qxf7+ Kh7 22. e4 bxa4 23. Rc3 Ng8 24. Qxe6 Bc8 25. Nxc8 Rcxc8 26. f4 Qb6+ 27. Kh1 Qxb2 28. Rg3 Rc7 29. Qg6+ Kh8 30. e6 Qf6 1-0